=LDR 00000nam 2200000 4500 =001 INLIS000000000057407 =005 20210107100930 =035 ##$$a 0010-1220000308 =007 ta =008 210107################g##########0#ind## =020 ##$$a 979-8398-47-5 =082 ##$$a 321.4 =084 ##$$a 321.4 PEN p =245 ##$$a Pendidikan kebangsaan, demokrasi dan hak asasi manusia ( KADEHAM ) /$c H.A. Prayitno, Bintan R. Saragih, Bambang S. Mintargo, dkk =260 ##$$a Jakarta :$b Universitas Trisakti,$c 2001 =300 ##$$a xiv, 196 hlm ; $c 20 x 14 cm =650 #4$$a Demokrasi =650 #4$$a hak asasi manusia =504 ##$$a Bibliografi; hal 181-188 =990 ##$$a 172.431/pro.2002